Microsoft excel / (Record no. 2394)

MARC details
000 -LEADER
fixed length control field 00610nam a22002057a 4500
005 - DATE AND TIME OF LATEST TRANSACTION
control field 20250207033936.0
008 - FIXED-LENGTH DATA ELEMENTS--GENERAL INFORMATION
fixed length control field 250207b |||||||| |||| 00| 0 eng d
020 ## - INTERNATIONAL STANDARD BOOK NUMBER
International Standard Book Number 978-1-84078-996-6
082 ## - DEWEY DECIMAL CLASSIFICATION NUMBER
Classification number 005.54 M478 2023
100 ## - MAIN ENTRY--PERSONAL NAME
Personal name McGrath, Mike
245 ## - TITLE STATEMENT
Title Microsoft excel /
Statement of responsibility, etc. Mike McGrath, Michael Price
260 ## - PUBLICATION, DISTRIBUTION, ETC.
Place of publication, distribution, etc. Warwickshire, UK:
Name of publisher, distributor, etc. In Easy Steps,
Date of publication, distribution, etc. c2023
300 ## - PHYSICAL DESCRIPTION
Extent 192p.:
Other physical details col. ill.
504 ## - BIBLIOGRAPHY, ETC. NOTE
Bibliography, etc. note Includes index
541 ## - IMMEDIATE SOURCE OF ACQUISITION NOTE
Accession number 7753
650 ## - SUBJECT ADDED ENTRY--TOPICAL TERM
Topical term or geographic name entry element Electronic spreadsheets
650 ## - SUBJECT ADDED ENTRY--TOPICAL TERM
Topical term or geographic name entry element Microsoft excel (Computer file)
650 ## - SUBJECT ADDED ENTRY--TOPICAL TERM
Topical term or geographic name entry element Business - Computer programs
700 ## - ADDED ENTRY--PERSONAL NAME
Personal name Price, Michael
Relator term author
Holdings
Withdrawn status Lost status Source of classification or shelving scheme Damaged status Not for loan Home library Current library Date acquired Total Checkouts Full call number Barcode Date last seen Copy number Price effective from Koha item type
    Dewey Decimal Classification     ctu-moalboal ctu-moalboal 02/29/2024   005.54 M478 2023 7753 02/07/2025 1 02/07/2025 Books-Reference